All Tomorrows species - Statistics

General Stats
  • This quiz has been taken 40 times
  • The average score is 24 of 43
Answer Stats
Hint Answer % Correct
What humans who settled on Mars naturally evolved into Martians
86%
The ones who started all the chaos, just for fun Qu
82%
The final product of human evolution before being altered by… Star People/Star Men
82%
Intelligent, but still driven by their primal instincts, wore stylish hats Killer Folk
75%
What the above hunted Prey
75%
Similiar to elephants, wiped out by ice age before they could evolve into civilisation Titans
75%
They used living organisms as tools Tool Breeders
75%
Singular hand, slender body, one of the most complex societies of all posthumans Snake people
71%
They looked like dolphins Swimmers
71%
What the above evolved from Flyers
68%
They lived in symbiosis with reptiles Lizard Herders
68%
How the ones who hid from their fate underground were punished Blind Folk
64%
The most pathetic forms posthuman existence left with human intelligence to suffer Colonials
64%
They used other organisms to their benefit, without giving anything back Parasites
64%
Tall, only thing their bodies allowed them to do was singing, their intelligence decreased over time Mantelopes
64%
What the above evolved from Worms
64%
Evolved from above Asteromorphs
61%
They had the most advanced technology, turned themselves into machines Gravitals
61%
Carnivorous beasts, looked like furries, but ugly Predators
61%
Used their sphincters to propel themselves trough space Spacers
57%
Noticeable gender dimorphism, the females looked like plants Temptors
57%
The strong gravity on their home planet made them flat Lopsiders
54%
They had short lifespans, due to their heart having to sustain both their brains and ability to fly, so they made the most of their lifes Pterosapiens
54%
Evolved from the above, they liked to party just as much as their ancestors Satyriacs
54%
The reptiles took over, the roles reversed Saurosapiens/Saurosapients
54%
They communicated by defecating Bone Crushers
50%
They looked like insects Bug Facers
50%
They had some balls Hand Flappers
50%
They were kept by their creators as pets, had difficulty breeding Hedonists
50%
What the above evolved from Ruin Haunters
50%
Lived in semi-aquatic environment Finger Fishers
46%
They ate insects Insectophagi
46%
Their bodies consisted of several specimen combined, each fullfilling their specific purpose Modular People
46%
The machines, but better New Machines
46%
The above finally gave something back, evolving into… Symbiotes
46%
They could walk, that’s about it Striders
43%
The below turned the above into… Subjects
43%
Evolved from the above Sail People
36%
After they left their home planet, they were finally able to expand into third dimension, they didn’t care about aesthetics in the process Assymetric people/Assymetrical people
29%
What the below leeched on Hosts
29%
They were here to keep the above from repeating their ancestors mistakes Terrestrials
29%
The other species that has nothing common with humans, lizard inside a snake Amphicephalus/Amphicephali
25%
The above saved them Rescued Subjects
11%
No matching quizzes found
Score Distribution
Percent of People with Each Score
Percentile by Number Answered
Your Score History
You have not taken this quiz